[Event "TUR Cup"]
[Site "Antalya"]
[Date "2020.01.30"]
[Round "7"]
[White "Kalayci, Berk Eren"]
[Black "Sarikaya, Meryem"]
[Result "1-0"]
[WhiteElo "1341"]
[BlackElo "1007"]
[PlyCount "105"]
[EventDate "2020.01.26"]
[EventType "swiss"]
[EventRounds "11"]
[EventCountry "TUR"]
[SourceTitle "CBM 194 Extra"]
[Source "ChessBase"]
[SourceDate "2020.03.31"]
[SourceVersion "1"]
[SourceVersionDate "2020.03.31"]
[SourceQuality "1"]

1. e4 e5 2. Nf3 Nc6 3. Bb5 a6 4. Ba4 Nf6 5. 0-0 Bc5 6. d3 Ng4 7. Nc3 h5 8. Bb3 d6 9. Ng5 Be6 10. Bxe6 fxe6 11. Nxe6 Qd7 12. Nxc5 dxc5 13. Be3 b6 14. Nd5 0-0-0 15. h3 Nxe3 16. fxe3 g5 17. Qe2 g4 18. h4 Nb4 19. Nf6 Qd6 20. a3 Nc6 21. g3 Rdf8 22. Nd5 Rxf1+ 23. Rxf1 Rf8 24. Rxf8+ Qxf8 25. Qf2 Qxf2+ 26. Kxf2 Na5 27. Nf6 c4 28. Ke2 cxd3+ 29. cxd3 c5 30. Nxh5 c4 31. Nf6 cxd3+ 32. Kxd3 b5 33. Nxg4 Nc4 34. h5 Nxb2+ 35. Kc3 Nc4 36. h6 Nd6 37. Nxe5 Nxe4+ 38. Kb4 Nf6 39. g4 Nh7 40. Kc5 Kc7 41. Kd5 Nf6+ 42. Ke6 Nh7 43. Kf7 Kd6 44. Nd3 Ng5+ 45. Kg6 Ne6 46. h7 Nf8+ 47. Kg7 Nxh7 48. Kxh7 Kd5 49. Nb4+ Kc4 50. Nxa6 Kb3 51. g5 Kxa3 52. g6 b4 53. Nxb4 1-0

[Event "TUR Cup"]
[Site "Antalya"]
[Date "2020.01.26"]
[Round "1"]
[White "Ozata, Doruk"]
[Black "Sarikaya, Meryem"]
[Result "1-0"]
[WhiteElo "1699"]
[BlackElo "1007"]
[PlyCount "77"]
[EventDate "2020.01.26"]
[EventType "swiss"]
[EventRounds "11"]
[EventCountry "TUR"]
[SourceTitle "CBM 194 Extra"]
[Source "ChessBase"]
[SourceDate "2020.03.31"]
[SourceVersion "1"]
[SourceVersionDate "2020.03.31"]
[SourceQuality "1"]

1. e4 e5 2. Nf3 Nc6 3. Bc4 Nf6 4. d3 Bc5 5. 0-0 h5 6. Ng5 d5 7. exd5 Nxd5 8. Qf3 Be6 9. Nxe6 fxe6 10. c3 Qf6 11. Nd2 0-0-0 12. a4 Rhf8 13. Qxf6 gxf6 14. Ne4 Bd6 15. Be3 Na5 16. Ba2 b6 17. b4 Nc6 18. a5 bxa5 19. bxa5 Nxa5 20. Bxd5 exd5 21. Nxd6+ Rxd6 22. Rxa5 a6 23. Bc5 Kd7 24. Bxd6 Kxd6 25. Rxa6+ c6 26. Rb1 Rc8 27. Rb7 f5 28. Kf1 e4 29. Ke2 exd3+ 30. Kxd3 Re8 31. Rbb6 Rc8 32. f3 Kc5 33. h3 f4 34. h4 Rc7 35. Rb4 Kd6 36. Rxf4 Ke5 37. Rf8 Rg7 38. Rxc6 Rxg2 39. f4# 1-0

[Event "TUR-ch (Women)"]
[Site "Antalya"]
[Date "2019.03.07"]
[Round "7"]
[White "Bayrak, Beril"]
[Black "Sarikaya, Meryem"]
[Result "1-0"]
[WhiteElo "1494"]
[BlackElo "1007"]
[PlyCount "97"]
[EventDate "2019.03.03"]
[EventType "swiss"]
[EventRounds "9"]
[EventCountry "TUR"]
[SourceTitle "CBM 189 Extra"]
[Source "ChessBase"]
[SourceDate "2019.06.03"]
[SourceVersion "1"]
[SourceVersionDate "2019.06.03"]
[SourceQuality "1"]

1. d4 Nf6 2. c4 g6 3. Nc3 d6 4. e4 Bd7 5. f3 c5 6. d5 a5 7. Be3 a4 8. Qd2 Bg7 9. Bd3 h6 10. Nge2 a3 11. b3 Qa5 12. Rc1 e6 13. dxe6 Bxe6 14. Kf2 0-0 15. Bxh6 Nbd7 16. Bxg7 Kxg7 17. Bc2 Qb6 18. Rcd1 d5 19. exd5 Bxd5 20. Nxd5 Nxd5 21. Qxd5 Nf6 22. Qg5 Rh8 23. g4 Qc7 24. h4 Rae8 25. h5 Re5 26. h6+ Kh7 27. Qxf6 Rg8 28. Nc3 Re6 29. Nb5 Qc6 30. Qxf7+ Kh8 31. Be4 Qe8 32. Qxe8 Rexe8 33. Bxb7 Re7 34. Bd5 Rge8 35. Rhe1 Rxe1 36. Rxe1 Rf8 37. Nxa3 g5 38. Nb5 Kh7 39. a4 Kxh6 40. a5 Kg6 41. a6 Rh8 42. a7 Rh2+ 43. Ke3 Rb2 44. a8Q Rxb3+ 45. Kf2 Rb2+ 46. Re2 Rxe2+ 47. Kxe2 Kf6 48. Qf8+ Ke5 49. Qf5# 1-0

[Event "TUR-ch (Women)"]
[Site "Antalya"]
[Date "2019.03.04"]
[Round "2"]
[White "Yildirim, Ada"]
[Black "Sarikaya, Meryem"]
[Result "1-0"]
[WhiteElo "1276"]
[BlackElo "1007"]
[PlyCount "93"]
[EventDate "2019.03.03"]
[EventType "swiss"]
[EventRounds "9"]
[EventCountry "TUR"]
[SourceTitle "CBM 189 Extra"]
[Source "ChessBase"]
[SourceDate "2019.06.03"]
[SourceVersion "1"]
[SourceVersionDate "2019.06.03"]
[SourceQuality "1"]

1. d4 d5 2. Nf3 Nf6 3. e3 Bf5 4. c4 e6 5. Qb3 b6 6. Nc3 Be7 7. Be2 h6 8. Ne5 0-0 9. 0-0 c5 10. dxc5 Bxc5 11. Rd1 d4 12. Bf3 Ne4 13. Nxe4 Nd7 14. Nxd7 Qxd7 15. Nxc5 bxc5 16. Bxa8 Rxa8 17. Qb5 Qd6 18. exd4 cxd4 19. Be3 d3 20. Qc5 Qd8 21. Qd4 Qe8 22. Rd2 e5 23. Qc3 e4 24. Bd4 f6 25. Re1 Qg6 26. Kh1 Re8 27. Bxa7 Ra8 28. Qd4 Kh7 29. a3 Qg5 30. Rdd1 Re8 31. Qe3 Qh5 32. c5 Bg4 33. Rd2 Re5 34. Qg3 Qg5 35. Qe3 Qh4 36. Bb8 Rg5 37. Qxe4+ Bf5 38. Qxh4 h5 39. Bf4 Kg6 40. Bxg5 fxg5 41. Qd4 g4 42. Qd6+ Kg5 43. Qe5 g6 44. Rxd3 Kh4 45. Rh3+ gxh3 46. Qf4+ Bg4 47. g3# 1-0

[Event "TUR-ch (Women)"]
[Site "Antalya"]
[Date "2018.03.07"]
[Round "5"]
[White "Sarikaya, Meryem"]
[Black "Ozturk, Busra"]
[Result "1-0"]
[WhiteElo "1090"]
[BlackElo "1800"]
[PlyCount "31"]
[EventDate "2018.03.05"]
[EventType "swiss"]
[EventRounds "9"]
[EventCountry "TUR"]
[SourceTitle "CBM 183 Extra"]
[Source "ChessBase"]
[SourceDate "2018.04.19"]
[SourceVersion "1"]
[SourceVersionDate "2018.04.19"]
[SourceQuality "1"]

1. e4 e5 2. Nf3 Nc6 3. Nc3 Bb4 4. Bc4 Bxc3 5. dxc3 Nf6 6. Ng5 0-0 7. h4 h6 8. Be3 d6 9. Qd2 hxg5 10. hxg5 Ng4 11. 0-0-0 Be6 12. Rh4 Nxe3 13. Rdh1 g6 14. Qxe3 Bxc4 15. Rh8+ Kg7 16. R1h7# 1-0

[Event "TUR-ch (Women)"]
[Site "Antalya"]
[Date "2018.03.06"]
[Round "2"]
[White "Piskinpasa, Cagla"]
[Black "Sarikaya, Meryem"]
[Result "1-0"]
[WhiteElo "1139"]
[BlackElo "1090"]
[PlyCount "57"]
[EventDate "2018.03.05"]
[EventType "swiss"]
[EventRounds "9"]
[EventCountry "TUR"]
[SourceTitle "CBM 183 Extra"]
[Source "ChessBase"]
[SourceDate "2018.04.19"]
[SourceVersion "1"]
[SourceVersionDate "2018.04.19"]
[SourceQuality "1"]

1. e4 e5 2. Nf3 Nc6 3. d4 Qe7 4. d5 Qb4+ 5. Nc3 Nd4 6. Nxe5 Bd6 7. a3 Qc5 8. Nc4 Be7 9. b4 Nxc2+ 10. Qxc2 Qd4 11. Bb2 Qf6 12. Nb5 Qf4 13. Be5 Qg5 14. f4 Qh6 15. Nxc7+ Kd8 16. Nxa8 d6 17. Ne3 Bd7 18. Qc7+ Ke8 19. Qb8+ Bd8 20. Bxd6 f5 21. Nc7+ Kf7 22. Qxd8 Qxd6 23. Nxf5 Qxf4 24. Qxd7+ Kg6 25. Qe8+ Kf6 26. Qf8+ Kg6 27. Qxg7+ Kh5 28. Be2+ Qg4 29. Bxg4# 1-0